6up 5oh cop-out (pro / con) - Will Wood and the tapeworms lyric quiz!! - Statistics

General Stats
  • This quiz has been taken 45 times
  • The average score is 230 of 471
Answer Stats
Answer % Correct
a
90%
I
90%
i
90%
n
90%
'n'
90%
go
86%
me
86%
come
79%
oh
79%
six
79%
the
79%
to
79%
like
76%
on
76%
please
76%
up
76%
policeman
72%
be
69%
do
69%
im
69%
Im
69%
know
69%
you
69%
(you
69%
and
66%
arrest
66%
as
66%
let
66%
my
66%
no
66%
no!"
66%
(No)
66%
they
66%
toe
66%
under
66%
heel
62%
PTSD
62%
test
62%
test?
62%
til
62%
who
62%
bathroom
59%
is
59%
it
59%
just
59%
look
59%
wont
59%
cry
55%
dear
55%
familiar
55%
late
55%
mirror)
55%
pigs
55%
cop
52%
give
52%
striking
52%
appear
48%
basement
48%
creepy
48%
got
48%
this
48%
too
48%
answer
45%
ask
45%
question
45%
so
45%
all
41%
bear
41%
been
41%
rememberin)
41%
(some
41%
some
41%
that
41%
call
38%
committed
38%
committing
38%
galapagos
38%
good
38%
gotta
38%
how
38%
ill
38%
in
38%
may
38%
pros
38%
Rock
38%
tryin
38%
your
38%
cons
34%
critters
34%
dont
34%
don't
34%
Five-oh
34%
luck
34%
of
34%
resemblance
34%
rocks
34%
time
34%
want
34%
am
31%
blotter
31%
crazy
31%
death
31%
droppin
31%
escape
31%
finding
31%
for
31%
fuckers
31%
generation
31%
hotwirin
31%
jailbreak
31%
mental
31%
never
31%
phone
31%
Vodka
31%
ward
31%
yes
31%
(yes
31%
bricks
28%
can
28%
crimes
28%
main
28%
one
28%
or
28%
probation
28%
read
28%
rights
28%
riot
28%
shots
28%
shows
28%
Six-up
28%
swiftly
28%
away
24%
awe
24%
but
24%
from
24%
get
24%
gun
24%
heal
24%
its
24%
lockin
24%
see
24%
shock
24%
shoulda
24%
throat
24%
will
24%
ya
24%
Youre
24%
alive
21%
at
21%
believe
21%
cellmates
21%
down
21%
ends
21%
ever
21%
fate
21%
fray
21%
gently
21%
"Hell
21%
kind
21%
least
21%
make
21%
not
21%
out
21%
quotas
21%
semblance
21%
somethin
21%
split
21%
stompin
21%
thing
21%
those
21%
tirin
21%
wait
21%
what
21%
Yeah!
21%
blame
17%
convictions
17%
doom
17%
drunk
17%
embrace
17%
gonna
17%
heaven
17%
hoping
17%
infrastructure
17%
kickin
17%
mainframe
17%
maintain
17%
necromancer
17%
oncoming
17%
options
17%
plead
17%
relapse
17%
resemblence
17%
slave
17%
true
17%
Armstrong
14%
being
14%
billionth
14%
blood
14%
comes
14%
detained
14%
drivins
14%
guilty
14%
junkies
14%
kneecap
14%
Lance
14%
mayhem
14%
only
14%
red
14%
Roll
14%
save
14%
says
14%
scraping
14%
suffering
14%
tanks
14%
upon
14%
Amazon
10%
are)
10%
burn
10%
bust
10%
crash
10%
dead
10%
gods
10%
insane
10%
mayday
10%
punk's
10%
sitting
10%
think
10%
Cancer
7%
cure
7%
elbows
7%
eyeballs
7%
fired
7%
Hide
7%
maybe
7%
slip
7%
sprayin
7%
there
7%
vein
7%
weigh
7%
ants
3%
army
3%
boulder
3%
fellow
3%
flies
3%
gatherin
3%
here
3%
into
3%
Lichen-coated
3%
moss
3%
open
3%
(Ratatatatatatata)
3%
scabs
3%
skeletons
3%
slash
3%
adore
0%
coking
0%
lnows
0%
strinking
0%
the42nd
0%
No matching quizzes found
Score Distribution
Percent of People with Each Score
Percentile by Number Answered
Your Score History
You have not taken this quiz